Pays commençant par la lettre B - Statistiques

Statistiques générales
  • Ce quiz a été pris 464 fois
    348 depuis la dernière actualisation
  • Le résultat moyen est 12 sur 18
Statistiques - réponses
Population Pays % Correct
10 403 000 Belgique
91%
201 103 000 Brésil
85%
54 180 000 Birmanie
81%
9 947 000 Bolivie
79%
699 800 Bhoutan
76%
156 118 000 Bangladesh
75%
7 148 000 Bulgarie
72%
9 685 000 Biélorussie
71%
2 029 000 Botswana
71%
9 056 000 Benin
69%
738 000 Bahreïn
63%
314 000 Belize
62%
4 590 000 Bosnie-Herzégovine
62%
9 863 000 Burundi
60%
395 000 Brunei
57%
16 241 000 Burkina Faso
56%
301 000 Bahamas
55%
285 000 Barbade
54%
Aucun quiz correspondant
Distribution des résultats
% des personnes avec chaque résultat
Percentile par nombre de réponses
Votre historique - résultats
Vous n’avez pas pris ce quiz depuis la dernière actualisation